000
00327nam a22001337a 4500
008
180924b xxu||||| |||| 00| 0 eng d
020
_a
9780534346683
041
_a
eng
080
_2
5th
_a
370
100
_a
25
101
_a
EDU
245
_a
Career Counseling applied concepts of life planning
_c
Zunker,V.G
942
_2
udc
_c
BK
999
_c
48368
_d
48368